| 000 | 00735cam a2200205 4500 | ||
|---|---|---|---|
| 001 | WB3712-16 | ||
| 008 | 000000n2001 000 0 eng u | ||
| 035 | _a(Sirsi) u111550 | ||
| 245 | _aCarbon Trust launched | ||
| 260 | _c2001 | ||
| 490 |
_aDETR News Release _v(150) 20 March 2001, (3) |
||
| 520 | _aThe Deputy Prime Minister has launched the Carbon Trust, which is funded by proceeds from the climate change levy and will provide grants totalling £200m to promote the research, development and use of low carbon technologies. | ||
| 590 | _aWB | ||
| 650 | _aCARBON TRUST | ||
| 650 | _aCLIMATE CHANGE LEVY | ||
| 650 | _aENERGY EFFICIENCY | ||
| 650 | _aLOW CARBON TECHNOLOGIES | ||
| 690 |
_aEnvironment _96238 |
||
| 942 | _n0 | ||
| 999 |
_c66476 _d66476 |
||